[Event "GADIJ"]
[Site "SchemingMind.com"]
[Date "2024.09.03"]
[Round "-"]
[White "MazetaFighter"]
[Black "Robert Bruce"]
[Result "*"]
[WhiteCountry "GRE"]
[BlackCountry "SCO"]
[WhiteElo "2094"]
[WhiteRD "82"]
[BlackElo "2363"]
[BlackRD "72"]
[GameID "747034"]

1. d4 Nf6 2. c4 e6 3. Nc3 Bb4 4. a3 Bxc3+ 5. bxc3 Nc6 6. f3 b6 7. e4 Ba6 8. Bd3 Na5 9. Qe2 c5 10. Be3 cxd4
11. cxd4 d6 12. Nh3 Rc8 13. Rc1 Nd7 14. O-O O-O 15. f4 e5 16. Rc3 Bxc4 17. Bxc4 Nxc4 18. Rxc4 Rxc4 19. Qxc4 Qa8 20. dxe5 dxe5
21. Qd5 Qxd5 22. exd5 Re8 23. Bf2 Rd8
*

[Event "GADIJ"]
[Site "SchemingMind.com"]
[Date "2024.09.02"]
[Round "-"]
[White "Robert Bruce"]
[Black "MazetaFighter"]
[Result "1-0"]
[WhiteCountry "SCO"]
[BlackCountry "GRE"]
[WhiteElo "2363"]
[WhiteRD "72"]
[BlackElo "2094"]
[BlackRD "82"]
[GameID "747035"]

1. e4 e5 2. f4 exf4 3. Nf3 g5 4. Nc3 g4 5. Ne5 d5 6. Qe2 d4 7. Nd5 Nf6 8. Nd3 f3 9. gxf3 gxf3 10. Qxf3 Nxd5
11. exd5 Qh4+ 12. Nf2 Rg8 13. b3 Be7 14. Bb2 Bg4 15. Qg3 c5 16. Be2 Bxe2 17. Qxg8+
1-0

[Event "GADIJ"]
[Site "SchemingMind.com"]
[Date "2024.09.03"]
[Round "-"]
[White "MazetaFighter"]
[Black "William Lindberg"]
[Result "0-1"]
[WhiteCountry "GRE"]
[BlackCountry "USA"]
[WhiteElo "2094"]
[WhiteRD "82"]
[BlackElo "2362"]
[BlackRD "72"]
[GameID "747036"]

1. d4 Nf6 2. c4 e6 3. Nc3 Bb4 4. Qc2 O-O 5. a3 Bxc3+ 6. Qxc3 b6 7. Bg5 Bb7 8. Nf3 d6 9. Nd2 h6 10. Bh4 Re8
11. e3 Nbd7 12. f3 e5 13. dxe5 Nxe5 14. Be2 Nd5 15. cxd5 Qxh4+ 16. g3 Qh3 17. Kf2 Bxd5 18. Qxc7 Ng4+ 19. Kg1 Nxe3 20. Bf1 Nxf1
21. Rxf1 Re2 22. Rf2 Re1+ 23. Nf1 Rae8 24. Qxd6 Bc4
0-1

[Event "GADIJ"]
[Site "SchemingMind.com"]
[Date "2024.09.02"]
[Round "-"]
[White "William Lindberg"]
[Black "MazetaFighter"]
[Result "1-0"]
[WhiteCountry "USA"]
[BlackCountry "GRE"]
[WhiteElo "2362"]
[WhiteRD "72"]
[BlackElo "2094"]
[BlackRD "82"]
[GameID "747037"]

1. e4 e5 2. Nf3 Nc6 3. Bb5 a6 4. Ba4 Nf6 5. O-O Be7 6. Bxc6 dxc6 7. Re1 Bg4 8. d3 Nd7 9. h3 Bh5 10. Nbd2 O-O
11. Nf1 Re8 12. a3 a5 13. Bd2 Bg6 14. Bc3 f5 15. exf5 Bxf5 16. Nxe5 Bd6 17. Nc4 Rxe1 18. Qxe1 Qg5 19. Ng3 Bc5 20. Nxf5 Qxf5
21. Nxa5 Rf8 22. d4 Bb6 23. Nxb7 c5 24. Rd1 cxd4 25. Bxd4 Qxc2 26. Bxb6 Nxb6 27. b4
1-0

[Event "GADIJ"]
[Site "SchemingMind.com"]
[Date "2024.09.03"]
[Round "-"]
[White "MazetaFighter"]
[Black "JAHI"]
[Result "*"]
[WhiteCountry "GRE"]
[BlackCountry "INT"]
[WhiteElo "2094"]
[WhiteRD "82"]
[BlackElo "2199"]
[BlackRD "87"]
[GameID "747038"]

1. d4 c6 2. e4 Na6 3. Bxa6 Qa5+ 4. Nc3 Qxa6 5. Nge2 b6 6. O-O b5 7. b4 e6 8. a3 Bxb4 9. axb4 Qxa1 10. Qd3 Qa6
11. Qg3 Kf8 12. Bf4 Nf6 13. Bd6+ Kg8 14. e5 Ne8 15. Ne4 h6 16. Nf6+ Nxf6 17. exf6 Rh7 18. Nf4 Bb7 19. Be5 Qa4 20. fxg7 h5
21. Qf3 Qxc2 22. Nxh5 Rh6 23. Nf6+ Rxf6 24. Qxf6 Qg6 25. Re1 d6 26. Qxg6 fxg6 27. Bxd6 Kxg7 28. Rxe6
*

[Event "GADIJ"]
[Site "SchemingMind.com"]
[Date "2024.09.02"]
[Round "-"]
[White "JAHI"]
[Black "MazetaFighter"]
[Result "*"]
[WhiteCountry "INT"]
[BlackCountry "GRE"]
[WhiteElo "2199"]
[WhiteRD "87"]
[BlackElo "2094"]
[BlackRD "82"]
[GameID "747039"]

1. d3 d5 2. g3 c5 3. Bh3 Nf6 4. Bxc8 Qxc8 5. h3 Nc6 6. Kf1 e6 7. Kg2 Qd7 8. Nf3 O-O-O 9. Bg5 Be7 10. Nbd2 h6
11. Bxf6 Bxf6 12. c3 g5 13. Qc2 Bg7 14. a3 f5 15. b3 e5 16. b4 e4 17. Nh2 d4 18. c4 e3 19. Nb3 exf2 20. Nxc5 Qd6
21. Kxf2 Rhe8 22. Rag1 h5 23. Rg2 Re7 24. Kg1
*

[Event "GADIJ"]
[Site "SchemingMind.com"]
[Date "2024.09.03"]
[Round "-"]
[White "MazetaFighter"]
[Black "eliecercruzr"]
[Result "*"]
[WhiteCountry "GRE"]
[BlackCountry "CUB"]
[WhiteElo "2094"]
[WhiteRD "82"]
[BlackElo "2435"]
[BlackRD "59"]
[GameID "747040"]

1. d4 Nf6 2. c4 e6 3. Nc3 Bb4 4. Nf3 b6 5. e3 Bb7 6. Bd3 O-O 7. O-O d5 8. cxd5 exd5 9. Ne5 Nbd7 10. f4 c5
11. Ne2 c4 12. Bc2 b5 13. Bd2 Bxd2 14. Qxd2 a5 15. a3 Ne8 16. g4 Nd6 17. Ng3 f6 18. Nf3 Qb6 19. g5 fxg5 20. Nxg5 Nf6
21. Qg2 Rae8
*

[Event "GADIJ"]
[Site "SchemingMind.com"]
[Date "2024.09.02"]
[Round "-"]
[White "eliecercruzr"]
[Black "MazetaFighter"]
[Result "*"]
[WhiteCountry "CUB"]
[BlackCountry "GRE"]
[WhiteElo "2435"]
[WhiteRD "59"]
[BlackElo "2094"]
[BlackRD "82"]
[GameID "747041"]

1. e4 c5 2. Nf3 d6 3. d4 cxd4 4. Nxd4 Nf6 5. Nc3 a6 6. Be3 e5 7. Nb3 Be6 8. f3 Nbd7 9. Qd2 b5 10. g4 b4
11. Nd5 Bxd5 12. exd5 Nb6 13. Na5 Nbxd5 14. Nc4 Nxe3 15. Nxe3 d5 16. O-O-O Bc5 17. g5 d4 18. Nf5 Nh5 19. Re1 O-O 20. Rxe5 Qc7
21. Re4 Rfd8 22. Ng3
*

[Event "GADIJ"]
[Site "SchemingMind.com"]
[Date "2024.09.06"]
[Round "-"]
[White "MazetaFighter"]
[Black "sebibutu"]
[Result "*"]
[WhiteCountry "GRE"]
[BlackCountry "ROU"]
[WhiteElo "2094"]
[WhiteRD "82"]
[BlackElo "1804"]
[BlackRD "184"]
[GameID "747042"]

1. e4 e5 2. Nf3 Nc6 3. Bb5 Nf6 4. d4 exd4 5. O-O a6 6. Ba4 Be7 7. e5 Ne4 8. Nxd4 O-O 9. Nf5 d5 10. Nxe7+ Nxe7
11. c3 Nc5 12. Bc2 Bf5 13. Bg5 Bxc2 14. Qxc2
*

[Event "GADIJ"]
[Site "SchemingMind.com"]
[Date "2024.09.02"]
[Round "-"]
[White "sebibutu"]
[Black "MazetaFighter"]
[Result "*"]
[WhiteCountry "ROU"]
[BlackCountry "GRE"]
[WhiteElo "1804"]
[WhiteRD "184"]
[BlackElo "2094"]
[BlackRD "82"]
[GameID "747043"]

1. e4 e5 2. Nf3 Nc6 3. Bc4 Nf6 4. d3 Bc5 5. Nc3 d6 6. Na4 Bb6 7. a3 h6 8. Nxb6 axb6 9. h3 Qe7 10. c3 O-O
11. O-O Rd8 12. Re1 Be6 13. Bb5 Na7 14. Ba4 c5 15. Bd2 b5 16. Bc2
*

[Event "GADIJ"]
[Site "SchemingMind.com"]
[Date "2024.09.02"]
[Round "-"]
[White "MazetaFighter"]
[Black "Rubiel_Labarta"]
[Result "*"]
[WhiteCountry "GRE"]
[BlackCountry "CUB"]
[WhiteElo "2094"]
[WhiteRD "82"]
[BlackElo "2488"]
[BlackRD "138"]
[GameID "747044"]

1. d4 d5 2. c4 e6 3. Nc3 Nf6 4. Bg5 Be7 5. e3 h6 6. Bh4 O-O 7. Nf3 Nbd7 8. Qc2 c5 9. cxd5 cxd4 10. Nxd4 Nxd5
11. Bxe7 Nxe7 12. Be2 Nf6 13. O-O Bd7 14. Rfd1 Qa5 15. Ne4 Nxe4 16. Qxe4 Qb6 17. Nb3
*

[Event "GADIJ"]
[Site "SchemingMind.com"]
[Date "2024.09.02"]
[Round "-"]
[White "Rubiel_Labarta"]
[Black "MazetaFighter"]
[Result "*"]
[WhiteCountry "CUB"]
[BlackCountry "GRE"]
[WhiteElo "2488"]
[WhiteRD "138"]
[BlackElo "2094"]
[BlackRD "82"]
[GameID "747045"]

1. e4 c5 2. Nf3 d6 3. d4 cxd4 4. Nxd4 Nf6 5. Nc3 a6 6. Be3 e5 7. Nb3 Be6 8. Qd2 Nbd7 9. f3 Be7 10. g4 O-O
11. O-O-O b5 12. g5 Nh5 13. Nd5 Bxd5 14. exd5 f6 15. gxf6 Bxf6 16. Na5 Nf4 17. c4 bxc4
*

[Event "GADIJ"]
[Site "SchemingMind.com"]
[Date "2024.09.01"]
[Round "-"]
[White "Phillip Beckett"]
[Black "Robert Bruce"]
[Result "0-1"]
[WhiteCountry "ENG"]
[BlackCountry "SCO"]
[WhiteElo "1548"]
[WhiteRD "53"]
[BlackElo "2363"]
[BlackRD "72"]
[GameID "747046"]

1. e4 c5 2. Nf3 d6 3. d4 cxd4 4. Nxd4 Nf6 5. Nc3 a6 6. Bg5 e6 7. f4 h6 8. Bxf6 Qxf6 9. Nb3 Qxf4 10. Bd3 Nc6
11. Qf3 Qxf3 12. gxf3 Be7 13. O-O-O Bd7 14. Rhg1 g5 15. Rge1 Bd8 16. Bf1 Ne5 17. Bg2 Be7 18. Nd4 Rc8 19. Nde2 b5 20. a3 Nc4
21. Ng3 Bf6 22. Bf1 Nxb2 23. Kxb2 Bxc3+ 24. Kb1 Bxe1 25. Rxe1 Rc5 26. Rd1 Ke7 27. Bd3 Rb8 28. e5 Rxe5 29. Ne4 Bc6 30. Nd2 Re3
31. Ne4 Rxf3 32. Ka2 Bxe4 33. Bxe4 Rf2 34. h3 f5 35. Bd3 e5 36. Rb1 e4 37. Re1 Kf6 38. Re2 Rf4
0-1

[Event "GADIJ"]
[Site "SchemingMind.com"]
[Date "2024.09.01"]
[Round "-"]
[White "Robert Bruce"]
[Black "Phillip Beckett"]
[Result "1-0"]
[WhiteCountry "SCO"]
[BlackCountry "ENG"]
[WhiteElo "2338"]
[WhiteRD "68"]
[BlackElo "1486"]
[BlackRD "52"]
[GameID "747047"]

1. e4 e5 2. f4 Qh4+ 3. g3 Qe7 4. d3 exf4 5. Bxf4 d5 6. Nc3 c6 7. Nf3 dxe4 8. dxe4 Nf6 9. e5 Ng4 10. Qd2 Nxe5
11. Nxe5 Nd7 12. O-O-O Nxe5 13. Bxe5 Bg4 14. Re1 Be6 15. Nb5 cxb5 16. Bxb5+ Bd7 17. Bd6
1-0

[Event "GADIJ"]
[Site "SchemingMind.com"]
[Date "2024.09.01"]
[Round "-"]
[White "Phillip Beckett"]
[Black "William Lindberg"]
[Result "0-1"]
[WhiteCountry "ENG"]
[BlackCountry "USA"]
[WhiteElo "1486"]
[WhiteRD "52"]
[BlackElo "2369"]
[BlackRD "69"]
[GameID "747048"]

1. e4 e5 2. Nf3 Nc6 3. Bb5 a6 4. Ba4 Be7 5. O-O Nf6 6. Re1 b5 7. Bb3 O-O 8. c3 d5 9. exd5 Nxd5 10. Nxe5 Nxe5
11. Rxe5 c6 12. d4 Bd6 13. Re1 Qh4 14. g3 Qh3 15. Qf3 Bg4 16. Qg2 Qh5 17. Be3 a5 18. Nd2 Rae8 19. Bxd5 cxd5 20. f4 a4
21. Bf2 a3 22. Rxe8 Rxe8 23. b3 Re2 24. Rd1 Qf5 25. Nf3 Bh3 26. Qh1 Qc2 27. Ne1 Qxd1
0-1

[Event "GADIJ"]
[Site "SchemingMind.com"]
[Date "2024.09.01"]
[Round "-"]
[White "William Lindberg"]
[Black "Phillip Beckett"]
[Result "1-0"]
[WhiteCountry "USA"]
[BlackCountry "ENG"]
[WhiteElo "2369"]
[WhiteRD "69"]
[BlackElo "1486"]
[BlackRD "52"]
[GameID "747049"]

1. d4 d5 2. c4 e6 3. Bf4 c6 4. e3 Nf6 5. Nf3 Bd6 6. Bxd6 Qxd6 7. Nc3 Nbd7 8. Bd3 dxc4 9. Bxc4 O-O 10. O-O Rd8
11. e4 Qe7 12. e5 Nd5 13. Ne4 f5 14. exf6 N7xf6 15. Re1 Nxe4 16. Rxe4 Nf6 17. Re5 Nd5 18. Qb3 Kh8 19. Rae1 b5 20. Bxd5 cxd5
21. Qd3 Qf6 22. Rh5 g6 23. Ng5 Rd7 24. Rxe6 Qxe6 25. Nxe6 Re7 26. Qxg6 Bxe6 27. Qf6+ Rg7 28. Qxe6 Rag8 29. Qe5 h6 30. Rxh6#
1-0

[Event "GADIJ"]
[Site "SchemingMind.com"]
[Date "2024.09.01"]
[Round "-"]
[White "Phillip Beckett"]
[Black "JAHI"]
[Result "0-1"]
[WhiteCountry "ENG"]
[BlackCountry "INT"]
[WhiteElo "1548"]
[WhiteRD "53"]
[BlackElo "2199"]
[BlackRD "87"]
[GameID "747050"]

1. e4 c6 2. d4 Na6 3. Nf3 d6 4. Bxa6 Qa5+ 5. c3 Qxa6 6. Qe2 Qxe2+ 7. Kxe2 Bg4 8. h3 Bxf3+ 9. gxf3 e6 10. Bf4 Nf6
11. e5 Nh5 12. Bg3 Kd7 13. exd6 Bxd6 14. Bxd6 Kxd6 15. Nd2 Rhd8 16. Ne4+ Kc7 17. Rhg1 Rd5 18. Rg5 Re8 19. Rag1 b6 20. Kd3 c5
21. Rxd5 exd5 22. Ng3 Nf4+ 23. Kd2 g6 24. h4 c4 25. Re1 Rxe1 26. Kxe1 Nd3+ 27. Kd2 Nxb2 28. h5 Nd3 29. Ke2 Nf4+ 30. Ke3 Nxh5
31. Nxh5 gxh5 32. Kf4 a6 33. Kg5 Kd7 34. Kxh5 b5 35. Kh6 b4 36. cxb4 c3
0-1

[Event "GADIJ"]
[Site "SchemingMind.com"]
[Date "2024.09.01"]
[Round "-"]
[White "JAHI"]
[Black "Phillip Beckett"]
[Result "1-0"]
[WhiteCountry "INT"]
[BlackCountry "ENG"]
[WhiteElo "2199"]
[WhiteRD "87"]
[BlackElo "1548"]
[BlackRD "53"]
[GameID "747051"]

1. d3 d5 2. g3 e5 3. Bh3 Bxh3 4. Nxh3 Nf6 5. Bg5 Be7 6. Kf1 h6 7. Bxf6 Bxf6 8. Kg2 O-O 9. Nd2 d4 10. e3 dxe3
11. fxe3 Qd5+ 12. e4 Qd7 13. Nf2 g6 14. h3 Bg7 15. h4 Kh7 16. h5 g5 17. Rf1 f5 18. exf5 Rxf5 19. Qe2 Nc6 20. Ng4 Raf8
21. c3 Rxf1 22. Rxf1 Rxf1 23. Nxf1 Qd5+ 24. Qf3 Qxf3+ 25. Kxf3 Ne7 26. Ke4 Nc6 27. Kd5 Kg8 28. Ke6 Kf8 29. Kd7 Na5 30. Kxc7 b5
31. Nfe3 e4 32. d4 Nc4 33. Nxc4 bxc4 34. d5 Ke8 35. d6
1-0

[Event "GADIJ"]
[Site "SchemingMind.com"]
[Date "2024.09.01"]
[Round "-"]
[White "Phillip Beckett"]
[Black "eliecercruzr"]
[Result "0-1"]
[WhiteCountry "ENG"]
[BlackCountry "CUB"]
[WhiteElo "1548"]
[WhiteRD "53"]
[BlackElo "2435"]
[BlackRD "59"]
[GameID "747052"]

1. e4 d5 2. exd5 Qxd5 3. Nc3 Qa5 4. Qe2 a6 5. Nf3 Nc6 6. d3 Bg4 7. Bd2 O-O-O 8. h3 Nd4 9. Qd1 Bxf3 10. gxf3 Qf5
11. Be2 e5 12. Ne4 Qd7 13. Be3 f5 14. Bxd4 exd4 15. Qd2 fxe4 16. dxe4 Qf7 17. b3 Ne7 18. O-O-O Nc6 19. Qg5 Kb8 20. h4 h6
21. Qg3 Bd6 22. Qg2 Ba3+ 23. Kb1 d3 24. Bxd3 Qf6 25. Rhg1 Qb2#
0-1

[Event "GADIJ"]
[Site "SchemingMind.com"]
[Date "2024.09.01"]
[Round "-"]
[White "eliecercruzr"]
[Black "Phillip Beckett"]
[Result "1-0"]
[WhiteCountry "CUB"]
[BlackCountry "ENG"]
[WhiteElo "2435"]
[WhiteRD "59"]
[BlackElo "1548"]
[BlackRD "53"]
[GameID "747053"]

1. e4 e5 2. Nf3 Nc6 3. Bc4 Nf6 4. Ng5 Bc5 5. Nxf7 Bxf2+ 6. Kf1 Qe7 7. Nxh8 d5 8. exd5 Na5 9. Bb5+ c6 10. Kxf2 Ne4+
11. Kf1 cxb5 12. Qh5+ g6 13. Nxg6 Qf7+ 14. Nf4 exf4 15. Qe2 Qxd5 16. Nc3 Qe6 17. Nxe4 Bd7 18. Qh5+ Kd8 19. d3 f3 20. Qxf3 Kc7
21. Bf4+ Kb6 22. Qf2+ Ka6 23. Nc5+
1-0

[Event "GADIJ"]
[Site "SchemingMind.com"]
[Date "2024.09.02"]
[Round "-"]
[White "Phillip Beckett"]
[Black "sebibutu"]
[Result "*"]
[WhiteCountry "ENG"]
[BlackCountry "ROU"]
[WhiteElo "1548"]
[WhiteRD "53"]
[BlackElo "1804"]
[BlackRD "184"]
[GameID "747054"]

1. e4 e5 2. Nf3 Nc6 3. Bb5 Nf6 4. Bxc6 dxc6 5. Nxe5 Qd4 6. Nf3 Qxe4+ 7. Qe2 Qxe2+ 8. Kxe2 Nd5 9. Re1 f6 10. c3 Kf7
11. d4 Bf5 12. Kf1 a5 13. Nbd2 a4 14. Nc4 Bd3+ 15. Kg1 Bxc4 16. Be3 Bd6 17. Nd2 Bd3 18. Nf3 a3 19. Bc1 Rhe8 20. Rxe8 Rxe8
21. bxa3 Nxc3 22. Bb2 Ne2+ 23. Kh1 b5 24. Re1 g5 25. d5 g4 26. Ng1
*

[Event "GADIJ"]
[Site "SchemingMind.com"]
[Date "2024.09.01"]
[Round "-"]
[White "sebibutu"]
[Black "Phillip Beckett"]
[Result "*"]
[WhiteCountry "ROU"]
[BlackCountry "ENG"]
[WhiteElo "1804"]
[WhiteRD "184"]
[BlackElo "1548"]
[BlackRD "53"]
[GameID "747055"]

1. e4 e5 2. Nf3 Nc6 3. Bb5 a6 4. Ba4 Nf6 5. O-O Be7 6. Re1 b5 7. Bb3 O-O 8. h3 d5 9. exd5 Nxd5 10. Nc3 Nxc3
11. dxc3 Qxd1 12. Rxd1 Bf5 13. Bd5 Bd7 14. Nxe5 Nxe5 15. Bxa8 Rxa8 16. Bf4 Bd6 17. Bxe5 Be6 18. Bxd6 cxd6 19. Rxd6 g6 20. a4 bxa4
21. Rxa4 a5 22. b4 Rc8 23. bxa5 Rxc3 24. a6 Rxc2 25. Rd8+ Kg7
*

[Event "GADIJ"]
[Site "SchemingMind.com"]
[Date "2024.09.01"]
[Round "-"]
[White "Phillip Beckett"]
[Black "Rubiel_Labarta"]
[Result "0-1"]
[WhiteCountry "ENG"]
[BlackCountry "CUB"]
[WhiteElo "1548"]
[WhiteRD "53"]
[BlackElo "2488"]
[BlackRD "138"]
[GameID "747056"]

1. e4 e6 2. d4 d5 3. Nd2 c5 4. exd5 exd5 5. Bb5+ Bd7 6. Qe2+ Be7 7. Bxd7+ Nxd7 8. dxc5 Ngf6 9. Nb3 O-O 10. Be3 Re8
11. O-O-O a5 12. Nf3 a4 13. Nbd4 Bxc5 14. Qd3 a3 15. b3 Ne4 16. Nd2 Ne5 17. Nxe4 Nxd3+ 18. Rxd3 dxe4
0-1

[Event "GADIJ"]
[Site "SchemingMind.com"]
[Date "2024.09.01"]
[Round "-"]
[White "Rubiel_Labarta"]
[Black "Phillip Beckett"]
[Result "1-0"]
[WhiteCountry "CUB"]
[BlackCountry "ENG"]
[WhiteElo "2488"]
[WhiteRD "138"]
[BlackElo "1548"]
[BlackRD "53"]
[GameID "747057"]

1. e4 e5 2. Nf3 Nc6 3. Bb5 a6 4. Ba4 Nf6 5. O-O Be7 6. Re1 b5 7. Bb3 O-O 8. c3 d5 9. exd5 Nxd5 10. Nxe5 Nxe5
11. Rxe5 Nf6 12. d4 Bd6 13. Re1 Ng4 14. h3 Qh4 15. Qf3 Nxf2 16. Re2 Nxh3+ 17. gxh3 Bxh3 18. Re4 Rae8 19. Rxe8 Bg4 20. Rxf8+ Kxf8
21. Qxf7#
1-0

[Event "GADIJ"]
[Site "SchemingMind.com"]
[Date "2024.09.01"]
[Round "-"]
[White "Robert Bruce"]
[Black "William Lindberg"]
[Result "1-0"]
[WhiteCountry "SCO"]
[BlackCountry "USA"]
[WhiteElo "2363"]
[WhiteRD "72"]
[BlackElo "2362"]
[BlackRD "72"]
[GameID "747058"]

1. c4 e5 2. g3 Nf6 3. Bg2 Nc6 4. Nc3 Be7 5. Nf3 O-O 6. d4 exd4 7. Nxd4 Re8 8. O-O Bc5 9. Nb3 Bf8 10. Nd2 d6
11. b3 Be6 12. Nd5 Ne5 13. Ba3 h5 14. Nf4 Bc8 15. Bb2 h4 16. Qc2 g6 17. Rad1 Bf5 18. Qc3 Bg7 19. gxh4 Bh6 20. Qg3 Bxf4
21. Qxf4 Nh5 22. Qd4 c5 23. Qc3 Nf4 24. Rfe1 Qxh4 25. Qg3 Qxg3 26. hxg3 Nxg2 27. Kxg2 Bd7 28. f3 Bc6 29. Nf1 f5 30. Kf2 Re6
31. Ne3 Rae8 32. Ng2 g5 33. Bxe5 dxe5 34. Ne3 f4 35. Nd5 Rh6 36. Rh1 Rxh1 37. Rxh1 Bxd5 38. cxd5 Rd8 39. Rh5 fxg3+ 40. Kxg3 Rxd5
41. Kg4 Kf7 42. Rxg5 Rd2 43. Rxe5 Rxa2 44. e4 b6 45. Rh5 Ke6 46. f4 Rg2+ 47. Kf3 Rb2 48. Rh6+ Kd7 49. e5 Rxb3+ 50. Ke4 Rb1
51. Rh7+ Kc6 52. Rh6+ Kd7 53. Kf5 Rf1 54. e6+ Kd6 55. Rh2 c4 56. Rd2+ Kc7 57. Rd4 b5 58. Re4 Kd8 59. Kf6 Rh1 60. f5 c3
61. Kf7 Rh7+ 62. Kg6 Rh2 63. Rd4+ Kc7 64. Rd7+ Kc6 65. Rd8 Rg2+ 66. Kh5 Rf2 67. Kg6 Rg2+ 68. Kf7 b4 69. f6 Re2 70. e7 Kb7
71. Rd4 c2 72. Rxb4+ Kc6 73. Rc4+ Kd5 74. Rxc2 Rxc2 75. e8=Q Rc7+ 76. Kg6 Rc3 77. Qd7+ Kc5 78. Qc7+ Kb4 79. Qb7+
1-0

[Event "GADIJ"]
[Site "SchemingMind.com"]
[Date "2024.09.01"]
[Round "-"]
[White "William Lindberg"]
[Black "Robert Bruce"]
[Result "0-1"]
[WhiteCountry "USA"]
[BlackCountry "SCO"]
[WhiteElo "2369"]
[WhiteRD "69"]
[BlackElo "2338"]
[BlackRD "68"]
[GameID "747059"]

1. e4 e5 2. Nf3 d5 3. exd5 Bd6 4. d4 e4 5. Nfd2 f5 6. Bb5+ Bd7 7. Bxd7+ Nxd7 8. c4 c5 9. dxc6 bxc6 10. Nc3 Qf6
11. O-O Ne7 12. Qh5+ Ng6 13. Nb3 O-O 14. f3 Qe6 15. c5 Bc7 16. fxe4 fxe4 17. Bg5 e3 18. Rf3 Rae8 19. Re1 Bf4 20. Bxf4 Nxf4
21. Qh4 Qf5 22. Qg3 Re6 23. Ne2 Nxe2+ 24. Rxe2 Qb1+ 25. Re1 Rxf3 26. Rxb1 Rxg3 27. hxg3 Nf6 28. Re1 Nd5 29. Na5 Nb4 30. Nc4 Nc2
31. Re2 h5 32. b3 g6 33. Kh2 Nxd4 34. Rxe3 Rxe3 35. g4 Rc3
0-1

[Event "GADIJ"]
[Site "SchemingMind.com"]
[Date "2024.09.01"]
[Round "-"]
[White "Robert Bruce"]
[Black "JAHI"]
[Result "*"]
[WhiteCountry "SCO"]
[BlackCountry "INT"]
[WhiteElo "2363"]
[WhiteRD "72"]
[BlackElo "2199"]
[BlackRD "87"]
[GameID "747060"]

1. f4 c6 2. Nf3 c5 3. e4 a6 4. Nc3 d6 5. d4 cxd4 6. Qxd4 Nc6= 7. Qg1 Nb4 8. Qf2 Nf6 9. a3 Qa5 10. Rb1 Nxe4
11. axb4 Nxf2 12. bxa5 Nxh1 13. Bd3 Bg4 14. Be3 Bxf3 15. gxf3 e6 16. Na4 g6 17. Kd2 Rc8 18. Rxh1 d5 19. c3 Bd6 20. b4 h6
21. h4 h5 22. Nc5 Rc7 23. Rg1 Kd8 24. Bc2 Rf8 25. Nd3 Ke7 26. Ba7 Rfc8 27. Bd4 Rc4 28. Rb1 Kf8 29. Rh1 Ke7 30. Ba4 Rxd4
31. cxd4 Kd8 32. Rc1 Rxc1 33. Kxc1 Be7 34. Kd2 Bxh4 35. Nc5 Bf6 36. Nxb7+ Ke7 37. Bb5 Bxd4 38. Bxa6 Kd7 39. Bb5+ Kc7 40. Nc5 Kb8
41. Bf1 Bg1 42. Kc2 Be3 43. Nd3
*

[Event "GADIJ"]
[Site "SchemingMind.com"]
[Date "2024.09.01"]
[Round "-"]
[White "JAHI"]
[Black "Robert Bruce"]
[Result "*"]
[WhiteCountry "INT"]
[BlackCountry "SCO"]
[WhiteElo "2199"]
[WhiteRD "87"]
[BlackElo "2363"]
[BlackRD "72"]
[GameID "747061"]

1. d3 e5 2. c3 d5 3. g3 Nf6 4. Bh3 Bxh3 5. Nxh3 Qd7 6. Ng5 Nc6 7. h3 O-O-O 8. Kf1 h6 9. Nf3 g5 10. Na3 Bxa3
11. bxa3 Qe6 12. Rb1 Nd7 13. Qb3 b6 14. Qb5 f5 15. a4 Ndb8 16. Kg2 f4 17. Bb2 Rhg8 18. Rbe1 g4 19. hxg4 fxg3 20. fxg3 a6
21. Qb3 Rxg4 22. Rh3 Nd7 23. Bc1 Rdg8 24. Nh2 R4g6 25. Nf3 Ne7 26. Nh4 Rg4 27. Rg1 Nf6 28. Qd1 a5 29. Kh2 Kb7 30. Bd2 Ng6
31. Nxg6 R4xg6 32. Rf1 h5 33. Qe1 Qd7 34. Rh4 Rxg3 35. Qxg3 Rxg3 36. Kxg3 Qg7+ 37. Kh3 Qg6 38. Be1 Ng4 39. Rg1 Qg5 40. Bg3 Ne3
41. Kh2 Ng4+ 42. Kh3 Ne3 43. Kh2 Nf5
*

[Event "GADIJ"]
[Site "SchemingMind.com"]
[Date "2024.09.01"]
[Round "-"]
[White "Robert Bruce"]
[Black "eliecercruzr"]
[Result "*"]
[WhiteCountry "SCO"]
[BlackCountry "CUB"]
[WhiteElo "2363"]
[WhiteRD "72"]
[BlackElo "2435"]
[BlackRD "59"]
[GameID "747062"]

1. c4 c5 2. Nf3 Nf6 3. g3 b6 4. Bg2 Bb7 5. O-O g6 6. Nc3 Bg7 7. d4 cxd4 8. Qxd4 Nc6 9. Qf4 O-O 10. Rd1 Na5
11. b3 Ne4 12. Nxe4 Bxa1 13. Neg5 h6 14. Nh7 Bxf3 15. Qxh6 Bg7 16. Qh4 Bxg2 17. Ng5 Re8 18. Qh7+ Kf8 19. Kxg2 Rc8 20. Ne4 f6
21. Bh6 Bxh6 22. Qxh6+ Kf7 23. Qh7+ Kf8 24. Rd5 Rc5 25. Nxc5 bxc5 26. Qxg6 e5 27. Qh6+ Kg8 28. Qg6+ Kf8 29. Qh6+ Kg8 30. Qd2 Qc7
31. Rxd7 Qc6+ 32. Qd5+ Qxd5+ 33. cxd5 Rb8 34. Rxa7 Nb7 35. Kf3 Nd6 36. Kg4 Kf8 37. h4 Rd8 38. a4 f5+ 39. Kg5 f4 40. g4 Nf7+
41. Kf5 Rxd5 42. a5 f3
*

[Event "GADIJ"]
[Site "SchemingMind.com"]
[Date "2024.09.02"]
[Round "-"]
[White "eliecercruzr"]
[Black "Robert Bruce"]
[Result "1/2-1/2"]
[WhiteCountry "CUB"]
[BlackCountry "SCO"]
[WhiteElo "2435"]
[WhiteRD "59"]
[BlackElo "2363"]
[BlackRD "72"]
[GameID "747063"]

1. e4 e5 2. Nf3 Nc6 3. d4 exd4 4. Nxd4 Nf6 5. Nxc6 bxc6 6. Bd3 d5 7. exd5 cxd5 8. O-O Be7 9. c4 O-O 10. cxd5 Nxd5
11. Qf3 Be6 12. Rd1 c6 13. Nc3 Qb6 14. Rb1 Rad8 15. Bd2 Nb4 16. Be3 Qb7 17. Bf5 Nxa2 18. Bxe6 fxe6 19. Qg4 Nxc3 20. Qxe6+ Kh8
21. bxc3 Bf6 22. Rdc1 Qc7 23. g3 Ra8 24. Rb3 Rfe8 25. Qc4 Qd6 26. Ra1 h6 27. Rba3 a5 28. Rxa5=
1/2-1/2

[Event "GADIJ"]
[Site "SchemingMind.com"]
[Date "2024.09.01"]
[Round "-"]
[White "Robert Bruce"]
[Black "sebibutu"]
[Result "*"]
[WhiteCountry "SCO"]
[BlackCountry "ROU"]
[WhiteElo "2363"]
[WhiteRD "72"]
[BlackElo "1804"]
[BlackRD "184"]
[GameID "747064"]

1. f4 e6 2. Nf3 d5 3. g3 Nf6 4. Bg2 b5 5. d3 Bb7 6. a4 b4 7. e3 c5 8. Nbd2 g6 9. O-O Bg7 10. e4 dxe4
11. dxe4 Nxe4 12. Ne5 Qd4+ 13. Kh1 Bd5 14. c3 bxc3 15. Nxe4 Bxe4 16. bxc3 Bxg2+ 17. Kxg2 Qxc3 18. Qd6 Qd4 19. Qxd4 cxd4 20. Ba3
*

[Event "GADIJ"]
[Site "SchemingMind.com"]
[Date "2024.09.01"]
[Round "-"]
[White "sebibutu"]
[Black "Robert Bruce"]
[Result "*"]
[WhiteCountry "ROU"]
[BlackCountry "SCO"]
[WhiteElo "1804"]
[WhiteRD "184"]
[BlackElo "2363"]
[BlackRD "72"]
[GameID "747065"]

1. e4 c5 2. Nf3 d6 3. d4 cxd4 4. Nxd4 Nf6 5. Nc3 a6 6. f3 e5 7. Nb3 Be6 8. Be3 h5 9. Qd2 Nbd7 10. Nd5 Bxd5
11. exd5 Qc7 12. O-O-O g6 13. Kb1 Bg7 14. Be2 Rc8 15. Rc1 e4 16. c4 exf3 17. gxf3 O-O 18. Bh6 Rfe8 19. Bxg7 Kxg7
*

[Event "GADIJ"]
[Site "SchemingMind.com"]
[Date "2024.09.01"]
[Round "-"]
[White "Robert Bruce"]
[Black "Rubiel_Labarta"]
[Result "*"]
[WhiteCountry "SCO"]
[BlackCountry "CUB"]
[WhiteElo "2363"]
[WhiteRD "72"]
[BlackElo "2488"]
[BlackRD "138"]
[GameID "747066"]

1. d4 d5 2. c4 e6 3. Nf3 Nf6 4. Nc3 Bb4 5. Bg5 h6 6. Bxf6 Qxf6 7. Qa4+ Nc6 8. e3 O-O 9. Rd1 Rd8 10. Qb3 a5
11. a3 a4 12. Qc2 Ba5 13. Be2 dxc4 14. Bxc4 e5 15. Nxe5 Nxe5 16. dxe5 Bxc3+ 17. bxc3 Rxd1+ 18. Qxd1 Qe7 19. O-O Bd7 20. Qd3 Bc6
21. e6 fxe6 22. Qg6 Bd5 23. Bd3 Rd8 24. Qh7+ Kf8 25. Rd1
*